000 00474nam a22001577a 4500
005 20251108171118.0
008 250721s1985 xx 000 0 ara d
082 1 4 _a301.43/احم
100 1 _aجمال ظاهر، أحمد
245 1 0 _aمشكلات الشباب :
_bدراسة ميدانية للشباب الاردني /
264 1 _aالزرقاء :
_bدار الامل،
_c1985.
300 _a269ص
650 1 7 _aالشباب
942 _2ddc
_cBK
999 _c56916
_d56916